[Event "Heraklion op 6th"]
[Site "Heraklion"]
[Date "2010.08.27"]
[Round "7"]
[White "Maniotis, Paschalis"]
[Black "Serpetsidaki, Eva"]
[Result "0-1"]
[WhiteElo "1005"]
[BlackElo "1005"]
[PlyCount "140"]
[EventDate "2010.08.22"]
[EventType "swiss"]
[EventRounds "9"]
[EventCountry "GRE"]
[SourceTitle "CBM 138 Extra"]
[Source "ChessBase"]
[SourceDate "2010.10.29"]
[SourceVersion "1"]
[SourceVersionDate "2010.10.29"]
[SourceQuality "1"]

1. e4 e5 2. Nf3 Nc6 3. Bb5 Nf6 4. d3 d6 5. c3 Be7 6. 0-0 0-0 7. Re1 Bg4 8. Nbd2 a6 9. Ba4 b5 10. Bb3 Qd7 11. Nf1 Rfe8 12. h3 Bh5 13. Ng3 Bg6 14. Nh4 Na5 15. Bc2 c5 16. Qf3 Qe6 17. Ngf5 Bxf5 18. Nxf5 Bf8 19. Qg3 g6 20. Qg5 Nh5 21. Bd1 Ng7 22. Nh6+ Kh8 23. Re3 Re7 24. Bg4 f5 25. exf5 gxf5 26. Bxf5 Nxf5 27. Nxf5 Rf7 28. Rf3 Qg6 29. Qxg6 hxg6 30. Nh4 Rxf3 31. Nxf3 Nc6 32. Ng5 Kg8 33. Ne4 b4 34. Rb1 Rb8 35. Nf6+ Kf7 36. Nd7 Rb7 37. Nxf8 Kxf8 38. Bh6+ Kf7 39. Rd1 bxc3 40. bxc3 Rb2 41. a4 Ra2 42. Rb1 Ne7 43. Rb6 Rxa4 44. g4 Ke6 45. Kg2 Kd7 46. Bg5 Nd5 47. Rb3 Ra2 48. Kg3 Kc6 49. h4 Kd7 50. h5 Ke6 51. hxg6 Ne7 52. g7 Ng8 53. f4 Kf7 54. Rb7+ Kg6 55. Be7 exf4+ 56. Kxf4 Rf2+ 57. Ke3 Rf7 58. Ke4 Rxe7+ 59. Rxe7 Nxe7 60. g8Q+ Nxg8 61. Kd5 a5 62. Kc4 a4 63. d4 d5+ 64. Kd3 a3 65. Kc2 a2 66. Kb2 a1Q+ 67. Kxa1 cxd4 68. cxd4 Ne7 69. Kb2 Nc6 70. Kc3 Kg5 0-1